Регионална библиотека "Любен Каравелов" - Русе

Звук (Запис номер 29618)

MARC детайли
000 -Лидер
Контролно поле с фиксирана дължина 01016nam a2200301 c 4500
003 - Код на организацията, давaща контролен номер
Контролно поле BLK
005 - Дата и час на последна редакция
Контролно поле 20180420220320.0
008 - Елементи от данни с фиксирана дължина
fixed length control field 180407b bul|||||r ||||||| ||bul||
010 ## - Наследен системен номер
LC control number KNG00032238000
020 ## - Международен стандартен номер на книга ISBN
Международен стандартен номер на книга ISBN 954-462-039-7
-- издат.: Пет плюс
040 ## - Източник на каталожния запис
Идентификатор на билиотеката - собственик на записа BLK
041 ## - Код за език
Код за езика на текст/звукозапис или на отделно заглавие Български
Код за езика КДБФ Български
080 ## - УДК
Текстов определител УДК Българска литература
УДК код - определител по УДК 821.163.2
УДК определител -1
УДК - код + определител 821.163.2-1
100 1# - Редна дума - Автор
Автор Кючукова, Иванка Михайлова
Авторска отговорност първи автор
R(LIN) 269423
139 ## - Редно поле
Редна дума Кючукова, Иванка Михайлова
Авторски знак Кю - К 99
245 10 - Сведения за заглавието
Заглавие Звук
Подзаглавни данни Стихотворения
Редно поле (дума) Иванка Михайлова Кючукова.
257 ## - Страна на издаване
Страна на създаване/издаване България
260 ## - Област на издателските данни
-- София
Име на издателя, разпространителя и проч. Пет плюс
Година на издаване 2000
300 ## - Физическа характеристика
Страници 72 с.
Размери/Мащаб 16 см
380 ## - Жанр
Жанр Литературознание
500 ## - Общи забележки
Забележка Деп. списък: депозит сп.19
653 ## - Ключова дума – ненормативна
Ключова дума звук
852 ## - Местоположение
Форматна сигнатура Цб І 30094
856 4# - Електронен адрес и достъп
Електронен формат pdf - файл
Път до файла /url/
856 4# - Електронен адрес и достъп
Електронен формат pdf - файл
Път до файла /url/
942 ## - АРТИКУЛИ
Вид на библиотечния материал Книги
Скрит в OPAC Не
944 ## - СЪЗДАВАНЕ И РЕДАКЦИЯ на ЗАПИСА
Създаване/Редакция Създаване
Дата на регистрацията/редакция 15.01.2003
Служител, извършил регистрацията/редакцията AB_DOS
944 ## - СЪЗДАВАНЕ И РЕДАКЦИЯ на ЗАПИСА
Създаване/Редакция Редакция
Дата на регистрацията/редакция 18.01.2017
Служител, извършил регистрацията/редакцията Ивелин_Попов
999 ## - СИСТЕМНИ КОНТРОЛНИ НОМЕРА
Koha biblionumber 29618
Koha biblioitemnumber 29618
Наличности
Код за отписване Код за изгубен артикул Източник на класификационната схема Код за повреда Коз за рестрикции Код за отдаване Артикулен № Име на библиотеката - собственик Име на библиотеката, в която се намира в момента Статус (Текущо местоположение) Дата на вписване в системата Местоположение - отдел Цена в лева Инвентарен номер Систематично азбучна сигнатура Баркод Номер на екземпляра Цена в евро Служебна бележка Служебен тип на артикула
  Не е изгубен Universal Decimal Classification Не е повреден без рестрикции ползва се в читалня 47521 Регионална библиотека "Любен Каравелов" Русе Регионална библиотека "Любен Каравелов" Русе Хранилище 2001-01-01 Хранилище 0.00 655869 Цб I 30094 120000655869 1 0.00 Дата: 01.01.2000 Книги
Vip Innovations Ltd, Rousse, Bulgaria 2025